| 000 | 00971nam a2200253 i 4500 | ||
|---|---|---|---|
| 001 | 000038751 | ||
| 003 | DO-SdBNP | ||
| 005 | 20240305132554.0 | ||
| 007 | ta | ||
| 008 | 130419s1998 dr 000 0 spa d | ||
| 040 |
_aDO-SdBNP _bspa _cBNPHU _erda |
||
| 082 | _bC969 | ||
| 110 | 2 |
_aCumbre extraordinaria de jefes de estado y de gobierno de Centroamerica, Belice y República Dominicana _d(1997 : 5-6 nov. _cSanto Domingo ) _965050 |
|
| 245 | 1 | 0 |
_aCumbre extraordinaria de jefes de estado y de gobierno de Centroamerica, Belice y República Dominicana : _bmemoria / _cpresentación Eduardo Latorres. |
| 264 |
_aSanto Domingo : _bSecretaría de Estado de Relaciones Exteriores, _c1998. |
||
| 300 |
_a163 paginas ; _c22 cm. |
||
| 336 |
_2rdacontent _atexto _btxt |
||
| 337 |
_2rdamedia _asin mediación _bn |
||
| 338 |
_2rdacarrier _avolumen _bnc |
||
| 590 | _aInventariado, 2024 / DG | ||
| 700 | 1 |
_aLatorre, Eduardo, _d1941-2003 _97187 |
|
| 910 | _aDG | ||
| 942 |
_2ddc _cLBS1 |
||
| 999 |
_c38241 _d38241 |
||